[Event "Sachsen-ch U10"]
[Site "Sebnitz"]
[Date "2013.04.03"]
[Round "2"]
[White "Schubert, Valentin"]
[Black "Lieberwirth, Kasimir"]
[Result "0-1"]
[WhiteElo "1206"]
[BlackElo "1325"]
[PlyCount "80"]
[EventDate "2013.04.02"]
[EventType "swiss"]
[EventRounds "7"]
[EventCountry "GER"]
[SourceTitle "EXT 2014"]
[Source "ChessBase"]
[SourceDate "2013.11.20"]
[SourceVersion "1"]
[SourceVersionDate "2013.11.20"]
[SourceQuality "1"]

1. e4 c5 2. Nf3 Nc6 3. d4 cxd4 4. Nxd4 e5 5. Nf3 Nf6 6. Nc3 Bb4 7. Bd2 0-0 8. Bc4 d6 9. a3 Ba5 10. 0-0 Be6 11. Bd3 Rc8 12. Ne2 Bxd2 13. Qxd2 d5 14. exd5 Bxd5 15. Nh4 Be6 16. Nf3 e4 17. Ng5 exd3 18. cxd3 h6 19. Nf3 Bg4 20. Ne1 Bxe2 21. Qxe2 Re8 22. Qd2 Nd4 23. Qb4 Qb6 24. Qxb6 axb6 25. h3 Re2 26. b4 Nb3 27. Rd1 Nd2 28. Rxd2 Rxd2 29. a4 Rd1 30. f3 Rcc1 31. Kf2 Nd5 32. b5 Rd2+ 33. Kg3 Ne3 34. Rg1 Nc2 35. Kh2 Rxe1 36. Rxe1 Nxe1 37. d4 Rxg2+ 38. Kh1 Rb2 39. d5 Nxf3 40. d6 Rh2# 0-1